00261nam a2200109Ia 4500008004100000100002300041245004100064260001500105300000900120942000700129999001500136190216s9999||||xx |||||||||||||| ||und|| aGordon Shillinglaw 0aCost Accounting Analysis And Control bNullc1968 a913p cBK c4617d4617